[Event "FRA-chT4 0809"]
[Site "France "]
[Date "2009.01.18"]
[Round "4"]
[White "Adiba, Jean Claude"]
[Black "Nivat, Alain"]
[Result "0-1"]
[WhiteElo "1710"]
[BlackElo "1825"]
[PlyCount "64"]
[EventDate "2008.10.??"]
[EventType "team-tourn"]
[EventRounds "9"]
[EventCountry "FRA"]
[SourceTitle "EXT 2010"]
[Source "ChessBase"]
[SourceDate "2010.11.25"]
[SourceVersion "1"]
[SourceVersionDate "2010.11.25"]
[SourceQuality "1"]

1. c4 Nf6 2. Nc3 e5 3. g3 c6 4. Bg2 d5 5. cxd5 cxd5 6. Qb3 Nc6 7. Nxd5 Nd4 8. Nxf6+ Qxf6 9. Qd3 Bf5 10. e4 Bd7 11. a4 Rc8 12. Kf1 Bxa4 13. Ne2 Bb5 14. Qe3 Bxe2+ 15. Kg1 Qa6 16. Rb1 Qa2 17. h4 Qxb1 18. Kh2 Rxc1 19. Rxc1 Qxc1 20. f4 Bc5 21. Qc3 Nf3+ 22. Bxf3 Qg1+ 23. Kh3 Qf1+ 24. Bg2 Qf2 25. Qxe5+ Kd7 26. Qd5+ Kc7 27. Qxf7+ Kc8 28. Qxg7 Rd8 29. e5 Bf3 30. Bxf3 Qxf3 31. e6 a5 32. Qg5 Qh1+ 0-1